Bharat gramunnayan: (Record no. 1259)

MARC details
000 -LEADER
fixed length control field 00589cam a2200217ua 4500
001 - CONTROL NUMBER
control field 1363
005 - DATE AND TIME OF LATEST TRANSACTION
control field 20260515113325.0
008 - FIXED-LENGTH DATA ELEMENTS--GENERAL INFORMATION
fixed length control field 110707n ii |||gr||||Z||||||asm
040 ## - CATALOGING SOURCE
Transcribing agency MAIN
082 ## - DEWEY DECIMAL CLASSIFICATION NUMBER
Classification number 343.0745
100 1# - MAIN ENTRY--PERSONAL NAME
Personal name Gohain, Nabin,
245 1# - TITLE STATEMENT
Title Bharat gramunnayan:
Remainder of title Bharatar gramunnayanar prasasan /
Statement of responsibility, etc. By Nabin Gohain
250 ## - EDITION STATEMENT
Edition statement 1st.
260 ## - PUBLICATION, DISTRIBUTION, ETC.
Place of publication, distribution, etc. Jorhat:
Name of publisher, distributor, etc. Bidya bhawan,
Date of publication, distribution, etc. 2009-10.
300 ## - PHYSICAL DESCRIPTION
Extent 426p:
Dimensions 23cm.
653 ## - INDEX TERM--UNCONTROLLED
Uncontrolled term Political Science
653 ## - INDEX TERM--UNCONTROLLED
Uncontrolled term Bharatar Gramunnayanar Prakashan
653 ## - INDEX TERM--UNCONTROLLED
Uncontrolled term Gramunnayanan
700 ## - ADDED ENTRY--PERSONAL NAME
Personal name Das, Dipen,
Relator term Co-author.
942 ## - ADDED ENTRY ELEMENTS (KOHA)
Koha item type Books
Holdings
Withdrawn status Lost status Damaged status Not for loan Home library Current library Shelving location Date acquired Total checkouts Full call number Barcode Date last seen Date last checked out Copy number Price effective from Koha item type
        Naharkatiya College Library Naharkatiya College Library General stacks 09/19/2020 8 340.0745 | GOH 19038 08/28/2021 07/23/2021 1 09/19/2020 Books